Hope when it hurts: (Record no. 362793)
[ view plain ]
| 000 -LEADER | |
|---|---|
| fixed length control field | 00435nam a2200133Ia 4500 |
| 008 - FIXED-LENGTH DATA ELEMENTS--GENERAL INFORMATION | |
| fixed length control field | 191129s9999 xx 000 0 und d |
| 020 ## - INTERNATIONAL STANDARD BOOK NUMBER | |
| International Standard Book Number | 4806523176514 |
| 100 ## - MAIN ENTRY--PERSONAL NAME | |
| Personal name | Wetherell, Kristen |
| 245 ## - TITLE STATEMENT | |
| Statement of responsibility, etc | Kristen Wetherell |
| Title | Hope when it hurts: |
| Remainder of title | biblical reflections to help you grasp God's purpose in your suffering/ |
| 260 ## - PUBLICATION, DISTRIBUTION, ETC. (IMPRINT) | |
| Place of publication, distribution, etc | Manila: |
| Name of publisher, distributor, etc | CSM Publishing |
| Date of publication, distribution, etc | 2017 |
| 300 ## - PHYSICAL DESCRIPTION | |
| Extent | 250 p. ; |
| Dimensions | 20 cm. |
| 650 ## - SUBJECT ADDED ENTRY--TOPICAL TERM | |
| Topical term or geographic name as entry element | Inspiration |
| 650 ## - SUBJECT ADDED ENTRY--TOPICAL TERM | |
| Topical term or geographic name as entry element | Religion |
| Withdrawn status | Lost status | Damaged status | Home library | Current library | Shelving location | Date acquired | Source of acquisition | Total Checkouts | Full call number | Barcode | Date last seen | Price effective from | Koha item type |
|---|---|---|---|---|---|---|---|---|---|---|---|---|---|
| Luxembourg Library | Luxembourg Library | High School Section | 11/29/2019 | BV 4909 .W539 2017 | 20824 | 11/29/2019 | 11/29/2019 | Books |